000 00726nam a2200217Ia 4500
003 GCL
008 140319s9999 xx 000 0 ara d
040 _aGCL /
_cGCL
082 0 4 _a272.6
_bب ت
100 1 _aصموئيل حبيب
245 1 0 _aتفسير العهد الجديد : رسالتا غلاطية وافسس /
_cصموئيل حبيب
700 1 _aبطرس عبدالملك
700 1 _aعبدالمسيح اسطفانوس
700 1 _aباركلى ،وليم
260 _aالقاهرة :
_bدار الثقافة المسيحية ،
_c1980
300 _a278 ص
490 _aتفسير العهد الجديد
_v0
650 0 4 _aالعهد الجديد
650 0 4 _aالرسائل
942 _2ddc
_cBK
999 _c54564
_d54564